| Registos Bibliográficos associados ao registo de autoridade |
|
Etiqueta de registo: 00000nkm 2200025 450 001 2279950 003 http://id.bnportugal.gov.pt/bib/catbnp/2279950 100 ## $a20260313d1987 m y0pory01030103ba 101 0# $apor 102 ## $aPT 200 1# $a5º Encontro de Teatro Amador, Braga'87$bVisual gráfico]$fCâmara Municipal de Braga, Grupos de Teatro Amador do Concelho de Braga, Companhia
de Teatro de Braga 210 #9 $aBraga$cCâmara Municipal de Braga,$d1987$eBraga:$gEditora Correio do Minho) 215 ## $a1 cartaz$ccolor.$d68x50 cm 317 ## $aColeção Madeira Luís 710 02 $aEncontro de Teatro Amador,$d5,$eBraga,$f1987$31993264 712 01 $aBraga.$bCâmara Municipal$4557$31277973 712 02 $aGrupos de Teatro Amador do Concelho de Braga$4557$31991169 712 02 $aCompanhia de Teatro de Braga$4557$3396344 801 #0 $aPT$bBN$gRPC 966 ## $lBN$mICONOG$sCT. 24416 A.$x3 971 ## $cCaticonografia5$d20260313 972 ## $d20260422$e1$vmferro$z0 995 ## $aPRR2026
|
|
|